Statistics for African countries that have switched their names

Click here to take the quiz!

General Stats

  • This quiz has been taken 450 times
    (398 since last reset)
  • The average score is 14 of 21

Answer Stats

HintAnswer% Correct
ZaireDemocratic Republic of the Congo
88%
AbyssiniaEthiopia
85%
French GuineaGuinea
84%
TanganyikaTanzania
84%
Southern RhodesiaZimbabwe
82%
Northern RhodesiaZambia
81%
German Southwest AfricaNamibia
81%
UrundiBurundi
78%
Portuguese GuineaGuinea-Bissau
75%
Spanish GuineaEquatorial Guinea
74%
Portuguese East AfricaMozambique
72%
Gold CoastGhana
72%
Malagasy RepublicMadagascar
71%
Upper VoltaBurkina Faso
61%
BechuanalandBotswana
53%
DahomeyBenin
47%
French SudanMali
46%
BasutolandLesotho
44%
NyasalandMalawi
43%
Afars and IssasDjibouti
34%
Grain CoastLiberia
30%

Score Distribution

Percentile by Number Answered

Percent of People with Each Score

Your Score History

You have not taken this quiz since the last reset